000 00598nam a2200217Ia 4500
008 101110s9999 xx 000 0 und d
041 _aENGLISH
082 _bSR31242
100 _aChopde L.N., Choudhari D.H. & others
245 _aAccountancy and financial management SYBCom
260 _c2008
_b Sheth publishers,Mumbai
300 _a744
365 _b125
520 _aCommerce
546 _aENGLISH
630 _aAccountancy and financial management SYBCom
650 _aCommerce
655 _aCommerce
730 _aAccountancy and financial management SYBCom
942 _cBOOK
999 _c823744
_d823741